Разуваев А. О счетах на проведенную им в экономии работу

Доступно только в Электронных читальных залах Найти на картеНа карте
RUSMARC
00004125nac2a22002773x 450
0014b567b2e-b80f-4f0a-a4d9-ad7d48e4bf03
00520211209144539.0
100##$a20211120l19091910k y0rusy50 ca
1010#$arus
102##$aRU
105##$ay z |||||
1222#$ad19090409
$ad19100326
2001#$aРазуваев А. О счетах на проведенную им в экономии работу
$j09 апреля 1909 - 26 марта 1910
215##$a4 листа
251##$cДело
300##$aЗаголовок дела на папке: Письма Разуваева А. - Звегинцеву Ал. Ив. (О счетах за произведенную им в экономии работу)
300##$aРукописный текст
330##$aВходит в раздел описи: 1. Письма к А. И. Звегинцову. 3/ Письма имущественно-хозяйственного характера
461#0$1001fc48e33c-c630-4015-85dd-2f2aab656f45
$12001
$aЗвегинцев Александр Иванович, помещик Воронежской губернии, депутат III Государственной думы, член партии "Союз 17 октября"
$1251
$cФонд
$1852
$j932
462#0$1001ddcf82e7-7bd9-4c5e-b7f1-85df8b3febb3
$12001
$aДела постоянного хранения. 1899-1913 гг.
$vД. 616
$1251
$cОпись
$1852
$j1
5171#$aПисьма Разуваева А. - Звегинцеву Ал. Ив. (О счетах за произведенную им в экономии работу)
600#1$aЗвегинцев
$bА. И.
$gАлександр Иванович
600#1$aРазуваев
$bА.
801#0$aRU
$bGA_RF
801#1$aRU
$bГлавНИВЦ
$c20211120
$2rusmarc
801#2$aRU
$bПБ им. Б.Н. Ельцина
$c20211209
$gRCR
$2rusmarc
852##$aГА РФ
$j616
937##$d171351709
$hГАРФ
035##$aRuPRLIB51062199
856##$uhttp://readingroom.main.prlib.ru/item.aspx?id_node=n171351709&mode=full
Формат отображения